| 000 | 00605nam a2200229Ia 4500 | ||
|---|---|---|---|
| 001 | 12183 | ||
| 003 | GE_BSU | ||
| 008 | 181216s||||||||xx |||||||||||||| ||und|| | ||
| 020 | _a9780199664610 | ||
| 040 | _cGE_BSU | ||
| 080 | _a658 | ||
| 245 | _aStrategic Sales And Sales Mangament. | ||
| 245 | 4 | _bThe Oxford Handbook Of. | |
| 245 | _cEdited by David W.Craveng, Kenneth Le Meunier-Fitzhugh and Nigel f.Piercy. | ||
| 260 | _aOxford. | ||
| 260 | _bUniversity Press. | ||
| 260 | _c2011 | ||
| 300 | _a637p;25cm. | ||
| 541 | _h123ლ. | ||
| 653 | _aStrategic Sales And Sales Mangament. | ||
| 942 | _cBK | ||
| 999 |
_c45359 _d45359 |
||